000 00465nam a22001697a 4500
999 _c27476
_d27476
003 BDDh-ASL
005 20231015030754.0
008 211103s1938 ii ||||| |||| 00| 0 u d
040 _aBDDh-ASL
_cBDDh-ASL
082 _a370
_bHAK
100 1 _95676
_aHaq, A.K. Fazlul
245 1 0 _aKhutba-e Sadarat : / خطبۂ صدارت
260 _aPatna :
_c1938.
300 _a41 p. :
_c23 cm.
650 0 _95677
_aMohammedan Educational Conference
942 _2ddc
_cBK